000 01386nam a22003257a 4500
001 677894
003 OSt
005 20170518101239.0
008 161007b xxu||||| |||| 00| 0 eng d
010 _a 95136028
020 _a9810218435
040 _ammu
_cmmu
_beng
050 0 0 _aSQ794.8.C663
_b1991
082 0 0 _a539.7/213
_220
111 2 _aInternational Workshop on Weak Interactions and Neutrinos
_n(14th :
_d1993 :
_cSeoul, Korea)
245 1 0 _a14th International Workshop on Weak Interactions and Neutrinos, Seoul, Korea, 19-24 July 1993 /
_ceditors, Jihn E. Kim and S.K. Kim.
260 _aSingapore ;
_aRiver Edge, NJ :
_bWorld Scientific,
_cc1994.
300 _a353 p. :
_bill. ;
_c23 cm.
500 _aAt head of title: 12th Symposium on Theoretical Physics.
500 _a"The 14th International Workshop on Weak Interactions and Neutrinos was held ... as the 12th Symposium on Theoretical Physics"--P. v.
504 _aIncludes bibliographical references.
650 0 _aWeak interactions (Nuclear physics)
_xCongresses.
650 0 _aNeutrinos
_xCongresses.
700 1 _aKim, Jihn E.
700 1 _aKim, S. K.
_q(Sun Kee)
711 2 _aSymposium on Theoretical Physics
_n(12th :
_d1993 :
_cSeoul, Korea)
906 _a7
_bcbc
_corignew
_d2
_encip
_f19
_gy-gencatlg
942 _2lcc
_cLOAN LOAN
999 _c19317
_d19317